Teoría y práctica de la propaganda contemporánea

Guardat en:
Dades bibliogràfiques
Autor principal: Hidalgo Calvo, César (Autor)
Format: Llibre
Idioma:espanyol
Publicat: Santiago Andrés Bello 1986
Matèries:
Etiquetes: Afegir etiqueta
Sense etiquetes, Sigues el primer a etiquetar aquest registre!

MARC

LEADER 00000nam a2200000 a 4500
001 UCY3693
003 CL-VaPUC
008 950112e19860000CL |||||||||||||||||spa|d
082 0 4 |a 303.375  |b HID  |2 21 
100 0 |a Hidalgo Calvo, César  |e author  |9 332058 
245 1 0 |a Teoría y práctica de la propaganda contemporánea 
300 |a 365 p 
942 |c BK 
945 |d 19950112 00:00:00  |a aalvarez 
260 |a Santiago  |b Andrés Bello  |c 1986 
650 0 |a Medios de comunicación de masas  |9 257273 
650 0 |a Comunicación   |9 257251 
650 0 |a Semiótica  |9 265317 
650 0 |a Propaganda   |9 322285 
650 7 |a PSICOLOGIA DE LA COMUNICACION  |2 CL-VaPUC  |9 332059 
650 0 |a Proceso de comunicación   |9 332060 
583 |a last modification  |c 19950112 00:00:00  |k Rodrigo Vera 
999 |c 231757  |d 231755 
952 |0 0  |1 0  |4 0  |6 303_375000000000000_HID_1986  |7 0  |8 P  |9 235413  |a BIBARQ  |b BIBARQ  |d 2019-11-15  |i 3051226  |o 303.375 HID 1986  |p 3051226  |r 2025-01-20  |w 2019-11-15  |y BK  |k ARQ 
952 |0 0  |1 0  |4 0  |6 303_375000000000000_HID_1986  |7 0  |8 A  |9 235414  |a BIBENE  |b BIBENE  |d 2019-11-15  |i 1985183  |o 303.375 HID 1986  |p 1985183  |r 2025-01-15  |w 2019-11-15  |y BK  |k ICO